000 00428nam a2200169Ia 4500
008 230711s9999||||xx |||||||||||||| ||und||
020 _a978-93-80012-15-5
041 _aENG
082 _a595.73
_bBU-D
100 _aButani, Dhamo k.
245 0 _aDictionary of Entomology
260 _c2009
_aNew Delhi
_bStudium Press (India) Pvt. Ltd.
300 _a624p.
650 _aAgriculture
700 _aSrivastava, KP
942 _cBK
999 _c7544
_d7544